000
00275nam a22000977a 4500
008
150824b xxu||||| |||| 00| 0 eng d
082
_a
307. 76 ROS
100
_a
ROSS AILEEN D.
245
_a
THE HINDU FAMILY IN ITS URBAN SETTING
260
_a
CANADA
_b
UNIVERSITY OF TORONTO PRESS
_c
1961
999
_c
514
_d
514